000 00363nam a2200133 a 4500
005 20140310182410.0
008 130828s19uu xx 00 eng d
020 _a9780753720837
245 0 _aTell me where? :
_banswer to hundred of questions.
260 _aLondon :
_bOctopus Publsihing Group,
_c2010.
300 _a207
650 _awhere questions
942 _cBK
999 _c12832
_d12832